V Hrišovciach sa za rok narodí jedno dieťa

Bibliographic Details
Main Author: Karasová, Erika, 1973- (Author)
Format: Article
Language:Slovak
PhysicalDescription:Fotogr.
ISSN:1335-759X
Subjects:

MARC

LEADER 00000nab a2200000 ar4500
001 vtls008427892
003 SK-MaSNL
005 20260303070248.0
008 170922c20041221xo mr|p|||||||000 b|slo
038 |a SNSK 
040 |b slo  |c SNSK  |e AACR2 
041 0 |a slo 
044 |a xo  |c SK 
080 |a 314.82  |2 UDC-MRF-SK2 
100 1 |a Karasová, Erika,  |d 1973-  |4 aut  |9 89869 
245 1 0 |a V Hrišovciach sa za rok narodí jedno dieťa  |c Erika Karasová 
300 |b Fotogr. 
650 0 7 |a prírastok obyvateľstva  |2 snsk  |9 1022084 
651 7 |a Hrišovce (Slovensko)  |2 snsk  |9 247466 
651 7 |a Gelnica (Slovensko : okres)  |2 snsk  |9 168677 
773 0 |t Spišský denník Korzár  |g Roč. VI., č. 294 (21.12.2004), s. 1  |x 1335-759X 
852 |a SNSK  |b KIS3GCP 
999 |c 1754586  |d 1756516